| 000 | 00746nam a2200253 a 4500 | ||
|---|---|---|---|
| 008 | 951213s1959||||[C 0 slo c | ||
| 020 | _c15 | ||
| 040 |
_aSNK _bslo _cSNK _eAACR2 |
||
| 041 | 1 |
_aslo _hslo |
|
| 044 |
_axo _cSK |
||
| 080 | _a82.09:885.4"19" | ||
| 080 | _a885.4"19" | ||
| 080 | _a885.4.09"19" | ||
| 080 | _a82(091) | ||
| 080 | _a885.4"18-19" | ||
| 100 | 1 |
_aMatuška, Alexander _4aut |
|
| 245 | 1 | 0 |
_aOd včerajška k dnešku _cAlexander Matuška ; Jozef Gális, Karol Rosenbaum |
| 260 |
_aBratislava _bSlovenský spisovateľ _c1959 _eKošice _fVýchodoslovenské tlačiarne |
||
| 300 | _c20 cm | ||
| 490 | 0 | _aVybrané spisy Alexandra Matušku | |
| 700 | 1 |
_aGális, Jozef _4bkd |
|
| 700 | 1 |
_aRosenbaum, Karol _4oth |
|
| 958 | _aA | ||
| 999 |
_c15214 _d15214 |
||